The noble scholar, jurist, historian


 His Excellency Dr. Abdul Wahhab bin Ibrahim Abu Sulaiman, may Allah have mercy on him.


 He was born in Umm Al-Qura in the year 1356 AH.

قضاء الأرب في أسئلة حلب / (Record no. 10742)

MARC details
000 -LEADER
fixed length control field 01396cam a2200289 i 4500
003 - CONTROL NUMBER IDENTIFIER
control field SA-RiAUC
005 - DATE AND TIME OF LATEST TRANSACTION
control field 20250812041818.0
008 - FIXED-LENGTH DATA ELEMENTS--GENERAL INFORMATION
fixed length control field 250811s1989 ua g b 000r0 ara c
040 ## - CATALOGING SOURCE
Original cataloging agency SA-JeALM
Language of cataloging ara
Transcribing agency SA-RiAUC
Description conventions rda
043 ## - GEOGRAPHIC AREA CODE
Geographic area code a-sy---
082 04 - DEWEY DECIMAL CLASSIFICATION NUMBER
Classification number 258.3
090 ## - LOCALLY ASSIGNED LC-TYPE CALL NUMBER (OCLC); LOCAL CALL NUMBER (RLIN)
Classification number (OCLC) (R) ; Classification number, CALL (RLIN) (NR) 258.3
Local cutter number (OCLC) ; Book number/undivided call number, CALL (RLIN) ت ق ي
100 1# - MAIN ENTRY--PERSONAL NAME
Personal name تقي الدين السبكي، علي بن عبد الكافي بن علي،
Dates associated with a name 683-756 هجري
Relator term مؤلف.
245 10 - TITLE STATEMENT
Title قضاء الأرب في أسئلة حلب /
Statement of responsibility, etc. تقي الدين السبكي الكبير ؛ إعداد وتحقيق محمد عالم عبد المجيد الأفغاني. اشراف حسن احمد مرعي
264 #1 - PRODUCTION, PUBLICATION, DISTRIBUTION, MANUFACTURE, AND COPYRIGHT NOTICE
Place of production, publication, distribution, manufacture مكة المكرمة :
Name of producer, publisher, distributor, manufacturer المكتبة التجارية،
Date of production, publication, distribution, manufacture, or copyright notice 1988.
300 ## - PHYSICAL DESCRIPTION
Extent 606 صفحة ؛
Dimensions 24 سم
336 ## - CONTENT TYPE
Content type term نص
Content type code txt
Source rdacontent
Materials specified كتاب
337 ## - MEDIA TYPE
Media type term بدون وسيط
Media type code n
Source rdamedia
338 ## - CARRIER TYPE
Carrier type term مجلد
Carrier type code nc
Source rdacarrier
500 ## - GENERAL NOTE
General note اهداء من المحقق الطالب محمد عالم عبد المجيد الافغاني الى الشيخ رحمه الله بتاريخ 22 / 12 / 1413 هـ
504 ## - BIBLIOGRAPHY, ETC. NOTE
Bibliography, etc. note ببليوجرافية : صفحة 579-602.
650 #7 - SUBJECT ADDED ENTRY--TOPICAL TERM
Topical term or geographic name entry element الفقه الإسلامي
Source of heading or term aucsh
700 1# - ADDED ENTRY--PERSONAL NAME
Personal name الأفغاني، محمد عالم عبد المجيد
Relator term معد.
700 ## - ADDED ENTRY--PERSONAL NAME
Personal name مرعي، حسن احمد
Relator term مشرف.
942 ## - ADDED ENTRY ELEMENTS (KOHA)
Source of classification or shelving scheme Dewey Decimal Classification
Koha item type Books
Suppress in OPAC No
949 ## - LOCAL PROCESSING INFORMATION (OCLC)
a SA-JeALM
d 250811
u osman123
n 1
Holdings
Withdrawn status Lost status Source of classification or shelving scheme Damaged status Not for loan Collection Home library Current library Date acquired Total checkouts Full call number Barcode Date last seen Price effective from Koha item type
    Dewey Decimal Classification     اهداء DR AbdElwahab Library DR AbdElwahab Library 08/12/2025   258.3 ت ق ي 000017470 08/12/2025 08/12/2025 Books